| 000 | 00453nam a2200169Ia 4500 | ||
|---|---|---|---|
| 008 | 090201s9999 xx 000 0 und d | ||
| 010 | _aKPL-24606 | ||
| 040 | _bइंग्रजी | ||
| 041 | _aइंग्रजी | ||
| 082 |
_a44955 _b24606 |
||
| 100 | _ahoward brenton | ||
| 245 |
_aweapons of happiness _choward brenton |
||
| 260 |
_c2005 _beyre methuen |
||
| 300 |
_a78 _bमोठा |
||
| 600 | _aweapons of happiness | ||
| 942 | _cBOOK | ||
| 999 |
_c241928 _d241928 |
||